000 00440nam a22001817a 4500
005 20231101113001.0
008 231101b |||||||| |||| 00| 0 eng d
020 _a978-93-95759-13-7
041 _aeng
082 _a320
100 _aMYNENI, DR. S.R.
_95878
245 _aPOLITICAL CSIENCE FOR LAW STUDENTS
250 _a3RD, ED., 2008
260 _aFARIDABAD
_bALLAHABAD LAW AGENCY
300 _a608;p
650 _aLAW
942 _cBK
999 _c8441
_d8439